[Event "EU-ch 20th"]
[Site "Skopje"]
[Date "2019.03.20"]
[Round "3"]
[White "Azarov, Sergei Nikolaevich"]
[Black "Grandelius, Nils"]
[Result "1-0"]
[WhiteElo "2585"]
[BlackElo "2694"]
[Annotator "Fernandez,D"]
[PlyCount "117"]
[EventDate "2019.03.18"]
[EventType "swiss"]
[EventRounds "11"]
[EventCountry "MKD"]
[Tiebreak "Sum of Buchholz"]
[SourceTitle "CBM 189"]
[Source "ChessBase"]
[SourceDate "2019.04.29"]
[SourceVersion "1"]
[SourceVersionDate "2019.04.29"]
[SourceQuality "1"]

{[%evp 0,117,19,31,72,53,86,72,72,49,49,58,62,47,73,56,68,55,68,18,62,15,16,24,
26,-18,2,-58,-17,-58,-43,-45,-21,-20,-20,-65,-68,-61,3,-9,-16,-74,-28,-85,80,
65,65,65,98,83,55,62,62,86,130,56,83,53,68,67,75,75,95,102,96,97,104,99,131,
128,116,119,152,165,166,165,166,111,132,115,104,110,118,118,118,123,123,123,
119,133,129,129,145,175,164,160,168,161,220,220,264,151,163,185,211,217,196,
196,230,366,370,463,537,589,608,615,624,677,736,229] [#]} 1. e4 c5 2. Nf3 d6 3.
d4 cxd4 4. Nxd4 Nf6 5. Nc3 a6 6. Bg5 Nbd7 7. Bc4 {An interesting 'second' move
after Qe2.} Qb6 (7... Qa5 {Solid; the queen may however wish to drop back to
c7 later. I explain one or two ideas in qualitative terms.} 8. Qd2 e6 9. Bb3 {
This seems to be trending now; if Black commits with ...b5 then White may be
going kingside.} (9. O-O-O b5 {[#]} 10. Bxe6 $6 (10. Bb3 Nc5 {Seems to lead to
generally acceptable Rauzer versions for Black.}) 10... fxe6 11. Nxe6 Ne5 12.
Nxf8 (12. Nxg7+ Bxg7 13. Qxd6 Nc4 14. Qc6+ Kf7 15. Qxa8 Re8 $1 $40) 12... Nc4
$1 13. Qd4 Rxf8 $15 {White's compensation is insufficient.}) 9... Be7 {A
little move-order wrinkle.} (9... b5 $6 10. f3 {9...b5 has two ideas: to push .
..b4 and to fianchetto the queen's bishop. The latter would be blunted by the
text, and the former would be less effective in case of the short castling
that White can now do.}) 10. f3 Nc5 {[#] Now Black may economise on ...b5 in
case White castles short, and that decision has to be taken without further
delay. The independent option, then, is} 11. O-O {and now say} Qc7 12. Rad1 O-O
{[#] when Black is indeed likely to use the alternate bishop development to d7.
}) (7... h6 {looks a little bit suspect: for instance now} 8. Bxf6 Nxf6 9. Qe2
e6 10. O-O-O Qc7 11. f4 b5 12. Bb3 b4 {[#]} 13. e5 $5 bxc3 14. exf6 gxf6 15.
Qh5 $40) 8. Bb3 {Not entering the treacherous pseudo-Poisoned-Pawn waters.} (8.
Qd2 Qxb2 9. Rb1 Qa3 10. O-O (10. Nd5 Qc5 {The tempo this move gains is very
useful, especially with reference to how White plays in the next note.} 11.
Bxf6 Nxf6 12. O-O e6 $132) 10... e6 $1 11. Bxe6 {Else there may not be
anything.} fxe6 12. Nxe6 Qa5 $1 13. f4 h6 $1 {The position is scary, but White
doesn't have a promising continuation (this all puts me in mind of the 4.Nxf7
Petroff!)} 14. Bh4 (14. Bxf6 Nxf6 15. Nxf8 Kxf8 16. e5 (16. Qxd6+ Kf7 $17)
16... Ne8 $15 {White doesn't have quite enough compensation.}) (14. e5 dxe5 15.
Bxf6 Nxf6 16. Nxf8 Rxf8 17. fxe5 Nd7 $15 {The position remains unclear, but I
trust that Black is not getting mated.}) 14... Kf7 15. f5 b5 $15 {[#]}) (8. O-O
Qxb2 (8... Qc5 {is seen elsewhere in these pages in Wei Yi-Loek van Wely.}) 9.
Nd5 {was the variation chosen in a historic Wei Yi game:} (9. Qd2 {also exists,
but White does not immediately crash through after} Qb4 10. Bb3 e6 11. f4 Be7
$132 {and so his compensation may be a little bit hard to pin down}) 9... Nxd5
10. Rb1 (10. Bxd5 {is just a different move order: after} Qc3 {White probably
wants to go Rb1 anyway.} (10... e6 {Let us examine this move, in case the game
continuation turns out not to be great for Black.} 11. Rb1 (11. Bxe6 $6 fxe6
12. Nxe6 Qc3 13. Qh5+ (13. Rb1 Qc4 14. Nf4 b5 $15 {is too slow}) 13... g6 14.
Qh4 Ne5 15. Nf4 {Keeping pieces on the board.} (15. Nxf8 $6 h6 $1 16. Nxg6 (16.
Bxh6 g5 17. Qxg5 Nf7 18. Bg7 Nxg5 19. Bxc3 Rxf8 $15) 16... Nxg6 17. Qh5 Kf7 18.
Bxh6 Be6 $15 {Black has managed to develop, so his king's dodgy cover is not
too much of an issue.}) 15... Bg7 16. Nd5 Qc4 17. Rad1 O-O $13 {[#]}) 11... Qc3
12. Bxb7 (12. Rb3 Qc7 13. Re3 Nc5 $15) 12... Bxb7 13. Rxb7 Nc5 14. Rb6 (14. Rc7
Qa5 15. Rc6 Nxe4 $13) 14... Nxe4 15. Be3 {was seen in the only practical
example, and now:} Be7 (15... Nf6 $6 16. Qf3 $6 (16. Rc6 $1 {Sethuraman may
have previously seen the idea he ended up playing in the game; the correct
execution is like this.} Qb2 17. c4 Be7 18. Rc7 Bd8 (18... Kd8 19. Rc6 $16 {
when loss of castling rights will decide}) 19. Nxe6 $16) 16... d5 17. Rfb1 Be7
18. R6b3 Qc4 19. Rb7 Bd8 {[#]} 20. Nxe6 $1 fxe6 21. Qg3 Rf8 $6 (21... Rg8 $44)
22. Qxg7 $40 {Sethuraman,S-Al Sayed,M Tromsoe 2014}) (15... Rc8 $5 {should be
playable, e.g.} 16. Qe2 Qc4 17. Qxc4 Rxc4 18. Rxa6 e5 $13 {[#]}) 16. Qg4 Nf6
17. Qxg7 Rg8 18. Qh6 Rc8 $13 {White might be slightly more comfortable, but
this factor is dwarfed in the present position by the role of calculation.}))
10... Qc3 11. Bxd5 Qc7 {This is greedy, and leads to a slightly worse position,
but not as yet an unsustainable one, because White has nothing clear-cut.} (
11... e6 {is playable, see 10.Bxd5. This seems most principled, as even by the
most exacting standards White has more than enough development to compensate
for the missing pawn.}) 12. f4 e6 13. Re1 Nc5 $6 {A non-obvious mistake.} (
13... Ne5 $1 {Closing the e-file without further delay is likely to be a very
good idea.} 14. Bxe6 (14. fxe5 dxe5 15. Bxe6 {may look like a move-order
change but in fact now Black gets the extra option} Bc5 $15) (14. Bb3 h6 $1 15.
Bh4 g5 16. fxe5 gxh4 $15) 14... fxe6 15. fxe5 dxe5 16. Nb3 Bd6 {[#] The
evaluation of this position is critical for determining whether Black has to
deviate on or before move 11, e.g. 8...Qc5 or 11...e6.} 17. Rf1 $5 {Seems to
be best.} (17. Qh5+ Qf7 {doesn't acheive much}) (17. Qf3 a5 18. a4 b6 $13 {
White is trying to do too much with the queen, so Black has time to develop
his queen's bishop.}) 17... Rf8 18. Qg4 {While Black has lost castling rights,
the centre is fairly closed and the attack is not imminent, so White's
advantage is limited, and Black can sensibly continue in optimistic vein with}
b5 $14 {preparing to use the rook along the 7th rank. In conclusion, the
position after 11...Qc7 is risky but probably just about playable.}) (13... Nf6
{may also be dodgy; now there is} 14. Bxf6 (14. Bb3 Be7 15. e5 dxe5 16. fxe5
Nd5 17. Bxd5 Bxg5 18. Bxe6 Bxe6 19. Nxe6 fxe6 20. Qh5+ g6 21. Qxg5 O-O $11)
14... gxf6 15. f5 e5 (15... exd5 16. exd5+ Kd8 17. Qh5 Bg7 18. Rb3 $16) 16. Ne2
$14 {[#] This is decidedly a good Rauzer for White.}) 14. f5 $1 {[#] Now the
centre is cracked open; moves like e5 and Qh5 are not far off.} Be7 $6 {
A natural option in a bad position.} (14... e5 $5 {might be the knee-jerk
reaction to try and close things, so that Black at least does not get mated.}
15. Qh5 {now opens up the idea of Ne6! so ...g6 is virtually forced.} (15. c3 {
is possible, but Black is far from being toast after} Be7 16. Bxe7 Qxe7 17. Nb3
$14) 15... g6 (15... exd4 16. e5 $18 {will be mate}) 16. fxg6 fxg6 17. Qf3 Be7
18. Qf7+ $1 (18. Bxe7 $5 Qxe7 19. Nc6 {looks extremely tempting, but I'm not
seeing the follow-up; for instance} Qf8 20. Qc3 (20. Qg3 $5) 20... Be6 21. Bxe6
(21. Rf1 Qg7 22. Bxe6 Nxe6 23. Nb4 Qc7 $14) 21... bxc6 22. Rf1 Qe7 23. Bf7+ Kd8
24. Bb3 Rb8 25. Rbd1 Nxb3 26. cxb3 Kc7 $14) (18. Bh6 {leads to an impressive
forced line, but not a win:} exd4 19. Bg7 Rf8 20. Bxf8 Bxf8 21. e5 dxe5 22.
Rxe5+ Qxe5 23. Qf7+ Kd8 24. Qxf8+ Kc7 25. Qxc5+ Kb8 $11) 18... Kd8 19. Nf3 Bxg5
20. Nxg5 Qe7 21. Qxe7+ Kxe7 22. Rf1 h6 (22... Rf8 23. Rxf8 Kxf8 24. Rf1+ Ke7
25. Rf7+ Kd8 26. Nxh7 Bd7) 23. Rf7+ Kd8 24. Nh7 Nd7 $16 {[#] White is quite
significantly better but there is still a game to be played.}) (14... h5 $5 {
Protects the g4 and h5 squares against incursion by White's queen.} 15. fxe6 (
15. Qf3 f6 $5) 15... fxe6 16. Qf3 Qf7 17. Qe3 $16 {[#] White has opened up so
many avenues of attack (e5 ideas, Rb6, Rf1, Nf5, etc) that Black cannot
possibly defend it all.}) 15. Bxe7 Qxe7 16. fxe6 fxe6 {[#]} 17. Nf5 $1 {
This wins without too much trouble.} Qc7 (17... Qf8 18. Bc6+ bxc6 19. Nxd6+ Ke7
20. Rf1 $16) (17... Qd7 18. Bc6 bxc6 19. Nxd6+ Ke7 20. Qg4 $16) 18. Bc6+ Qxc6
19. Nxd6+ Ke7 20. Qg4 Nd7 (20... Qxd6 21. Qxg7+ Ke8 22. Qxh8+ Qf8 23. Qe5 $18)
21. e5 {Now Black resigned, as there is no answer to Qxg7 and Qh4. Wei,Y-Xu,Y
China 2015.} (21. Qxg7+ $6 {would let Black escape:} Kxd6 22. Qxh8 Kc7 23. Re3
Nc5 $14) (21. e5 Qc5+ (21... Kd8 22. Nf7+ Kc7 23. Nxh8 $18) (21... Rg8 22. Qh4+
$18) 22. Kh1 Nxe5 23. Qxg7+ Kxd6 {[#]} 24. Rxe5 $1 {The final necessary
wrinkle.} (24. Qxh8 Nc4 $14) 24... Qxe5 25. Rd1+ Qd5 26. Rxd5+ exd5 27. Qxh8
$18)) 8... e6 9. Qd2 Be7 10. O-O-O Nc5 11. Rhe1 (11. f3 Qc7 12. g4 b5 $132 {
[#] As played in, inter alia, Brenjo,S-Djukic,N Montenegro 2016}) (11. Qe2 $5)
11... h6 12. Bh4 O-O 13. Qe3 (13. g3 Qc7 14. f4 b5 15. e5 dxe5 16. fxe5 Nh7 17.
Bxe7 Qxe7 18. Nc6 Qc7 19. Qd6 Qxd6 20. Rxd6 Bb7 {Black was at least fine in
Dominguez Perez,L-Wojtaszek,R Doha 2016}) 13... Qc7 14. g4 $5 {A violent
attacking move!} Nfxe4 (14... Nxg4 15. Qg3 Bxh4 16. Qxh4 Ne5 17. f4 Ng6 18. Qg3
$44) (14... Re8 $5 15. f4 b5 $132 {looks good, staying calm}) 15. Bxe7 Nxc3 16.
bxc3 Qxe7 17. Nf5 {Now White's position is practically quite nice.} Qc7 18.
Nxd6 Rd8 19. Qe5 b6 20. f4 Bb7 (20... a5 $11) 21. f5 Bd5 22. Nxf7 $1 $16 Qxf7
23. fxe6 Bxe6 24. Rxd8+ Rxd8 25. Bxe6 Nxe6 26. Qxe6 Rd5 27. a4 Rc5 28. Kb2 Rc4
29. Qxb6 Rxa4 30. h3 Kh7 31. Qb3 Qd7 32. Re5 Rf4 33. Qd5 Qc8 34. Re7 Qb8+ 35.
Rb7 Qe8 36. Qd3+ Kh8 37. Qd6 Rf8 38. Qe7 Qxe7 39. Rxe7 Rb8+ 40. Ka3 Rc8 41. Kb3
Rb8+ 42. Ka4 {I think the rook endgame is just a matter of technique.} Rc8 43.
Re3 Rc5 (43... Kh7 {What was White's idea after this? Presumably, to force the
Black rook forward anyway. But in that case, the text loses a tempo, which if
not critical is at least a good idea to keep.} 44. Kb4 (44. Ka5 Rc6 45. Kb4 {
also makes sense}) 44... Rb8+ 45. Ka5 Rb2 46. Re2 Ra2+ 47. Kb6 a5 $18) 44. Kb4
Rb5+ 45. Kc4 h5 46. Kd4 hxg4 47. hxg4 Rb2 48. Re2 Kh7 49. c4 a5 50. Kc3 Rb1 51.
Re5 a4 52. Ra5 Rg1 53. c5 Rxg4 54. c6 Rf4 55. c7 Rf8 56. Rxa4 g5 57. Rc4 Rc8
58. Kb4 g4 59. Rxg4 1-0

[Event "Lake Sevan"]
[Site "Martuni"]
[Date "2016.07.26"]
[Round "9"]
[White "Hovhannisyan, Robert"]
[Black "Artemiev, Vladislav"]
[Result "0-1"]
[WhiteElo "2640"]
[BlackElo "2653"]
[Annotator "Fischer,J"]
[PlyCount "64"]
[EventDate "2016.07.18"]
[EventType "tourn"]
[EventRounds "9"]
[EventCountry "ARM"]
[EventCategory "16"]
[SourceTitle "CBM 174"]
[Source "ChessBase"]
[SourceDate "2016.09.13"]
[SourceVersion "1"]
[SourceVersionDate "2016.09.13"]
[SourceQuality "1"]

1. e4 c5 2. Nf3 d6 3. d4 cxd4 4. Nxd4 Nf6 5. Nc3 a6 6. Bg5 Nbd7 {A modern line
of the Najdorf.} 7. Bc4 h6 8. Bh4 g6 9. Qe2 Bg7 10. O-O-O O-O 11. f4 Qc7 12.
Kb1 b5 13. Bb3 Bb7 14. f5 g5 15. Bg3 Nc5 16. h4 ({After} 16. e5 $5 Nxb3 17.
axb3 dxe5 (17... Nd7 18. f6 $40) 18. Bxe5 Qb6 $11 {the position is tense but
dynamically equal.}) 16... g4 {[#]} ({Taking the e-pawn is risky:} 16... Ncxe4
17. Nxe4 {and after Therefore Black has to play} Bxe4 {but after} (17... Nxe4
18. hxg5 {the engines claim that White's attack is too strong, e.g.} Qc5 ({
after} 18... Nxg3 19. Qg4 hxg5 20. Qxg3 {White's threat are overwhelming.}) {
and now the engines propose} 19. Bf4 {with a crushing attack, e.g.} Bxd4 20. f6
{and White is a piece down but will win on the h-file.}) 18. hxg5 hxg5 19. Qe3
{White also has good attacking chances, even though the engines evaluate this
position as equal.}) 17. Nd5 Bxd5 18. Bxd5 Rac8 19. h5 (19. c3 $5 {was a good
alternative. After} Na4 20. Rhe1 $14 {Black still has to show how he wants to
mate White's king.}) 19... Na4 20. c3 $2 {[#]Missing Black's next move.} ({
Black threatened} 20. Z0 Nxb2 21. Kxb2 Nxd5 22. exd5 Qc3+ 23. Kb1 Bxd4 {
and Black is winning.}) ({But better was} 20. Bf2 Nxd5 21. exd5 Qc4 22. c3 Qxe2
23. Nxe2 b4 24. Kc2 $11) 20... Qxc3 $1 21. Be1 ({After} 21. bxc3 Nxc3+ 22. Ka1
Nxe2 23. Nxe2 {Black has the nasty} Nxd5+ {regaining the piece and leading to
a won position after} 24. Kb1 Ne3 25. Rc1 Rc4 $19) 21... Qc7 22. Nc6 $2 {
[#]The final mistake - the knight should have stayed on the diagonal b7-b2.} ({
More stubborn was} 22. Bh4 {Now after} Nxd5 23. exd5 Qc4 24. Qxc4 bxc4 25. Bxe7
Rb8 {White is definitely worse but can still fight - in the game he is simply
lost.}) 22... Nxb2 23. Rd4 (23. Qxb2 Nxd5 $19) (23. Rc1 Nc4 $19) 23... Nc4 24.
Bc3 Qd7 25. Rxc4 bxc4 26. Qxc4 Kh8 27. Rc1 Rc7 28. Bxf6 Bxf6 29. Bxf7 {
Allowing Black to finish the game with a simple tactical trick.} Rxc6 30. Qxc6
Qxc6 31. Rxc6 Rxf7 32. Rxa6 Rf8 0-1

[Event "Capablanca Memorial Elite 47th"]
[Site "Havana"]
[Date "2012.05.07"]
[Round "4"]
[White "Potkin, Vladimir"]
[Black "Laznicka, Viktor"]
[Result "0-1"]
[WhiteElo "2642"]
[BlackElo "2693"]
[Annotator "Ftacnik,L"]
[PlyCount "66"]
[EventDate "2012.05.03"]
[EventType "tourn"]
[EventRounds "10"]
[EventCountry "CUB"]
[EventCategory "18"]
[SourceTitle "CBM 149"]
[Source "ChessBase"]
[SourceDate "2012.07.17"]
[SourceVersion "1"]
[SourceVersionDate "2012.07.17"]
[SourceQuality "1"]

1. e4 c5 2. Nf3 d6 3. d4 cxd4 4. Nxd4 Nf6 5. Nc3 a6 6. Bg5 Nbd7 7. Qe2 {
The battle will be raging on fresh opening territory. White players are still
not sure what is the most promising line against the 6.Bg5 Nbd7 defence. The
queen move to e2 is dangerous for the defender, the only real drawback lies in
limiting the scope of the ligh-squared bishop on f1.} (7. f4) (7. Bc4) (7. Qd2)
7... h6 {The whole system is so young, that also the prescriptions for Black
are still quite weakly defined. Other players have tried different pawn moves.}
(7... e6) (7... b5) 8. Bh4 {For most followers this seems more than natural,
but White has already also tried the more modest retreat to d2.} (8. Bd2 e5 9.
Nf5 Nc5 10. O-O-O g6 11. Ng3 Be6 12. h4 Qc7 13. h5 Bg7 14. hxg6 fxg6 15. Be3
O-O-O 16. f3 d5 17. exd5 Nxd5 18. Nxd5 Bxd5 19. Bxc5 Qxc5 20. Ne4 Qa5 21. a3 h5
22. Rd3 Kb8 23. Kb1 Bc6 24. Qd1 {1/2-1/2 Melia,S (2400)-Guramishvili,S (2395)/
Anaklia 2012}) 8... e6 {Laznicka believes in classical setups, but Black has a
distinctly wider choice at this moment. It is safe to predict, that we will
most likely see more of the clever move 8...g6 in combination with the e7-e5
advance in the near future.} (8... g6 9. O-O-O (9. f4 e5 10. fxe5 dxe5 11. Nf3
Bb4 12. O-O-O Bxc3 13. bxc3 Qc7 14. Qc4 Qxc4 15. Bxc4 g5 16. Bg3 Nxe4 17. Nxe5
Nxg3 18. Rhe1 Nxe5 19. Rxe5+ Be6 20. hxg3 {1-0 Antal,T (2352)-Perunovic,M 
(2481)/Plovdiv 2012 (70)} O-O 21. Bxe6 Rae8 $11) 9... e5 10. Nb3 Be7 11. Qe1 (
11. f3 b5 12. Kb1 b4 13. Na4 Nb6 14. Nxb6 Qxb6 15. Bf2 Qc7 16. Qc4 Qxc4 17.
Bxc4 a5 18. Bb5+ Bd7 19. Bxd7+ Kxd7 20. Nc5+ Kc6 $11 {1/2-1/2 Danin,A (2543)
-Khismatullin,D (2662)/Olginka 2011 (105)}) 11... b5 12. a3 Bb7 13. f3 Qc7 14.
Kb1 Rc8 15. Bd3 Nb6 16. Rd2 g5 17. Bf2 Nc4 18. Bxc4 bxc4 19. Nc1 Bc6 20. N1a2
a5 21. Ka1 Qb7 $11 {1/2-1/2 Radulski,J (2552)-Cheparinov,I (2664)/Plovdiv 2012
(57)}) (8... Qc7 9. O-O-O g5 10. Bg3 e6 11. h4 Rg8 12. hxg5 hxg5 13. Qe3 (13.
Qd2 Ne5 14. f3 Bd7 15. Kb1 Rb8 16. Bd3 b5 17. Nce2 $16 {0-1 Milov,L (2562)
-Gashimov,V (2719)/Mainz 2010 (42)}) (13. Kb1 Ne5 14. Qd2 b5 15. a3 Be7 16. f3
Bd7 17. Bf2 Rb8 18. Be3 Nc4 19. Bxc4 bxc4 20. Ka1 g4 21. Rb1 $14 {1-0 Fercec,N
(2491)-Mazi,L (2375)/Zadar 2010 (37)}) 13... Ne5 14. Nf3 Nfg4 15. Qd2 Be7 16.
Be2 Bd7 17. Nxe5 Nxe5 18. Bh5 Rg7 19. Qe3 $14 {1-0 Sethuraman,S (2546)-Hamdani,
R (2322)/Ho Chi Minh City 2012 (32)}) (8... g5 9. Bg3 e5 10. Nf5 Nc5 11. O-O-O
Bxf5 12. exf5 Qc7 13. h4 Rg8 14. hxg5 hxg5 15. Qe3 Rc8 16. Rd2 Ncd7 {1-0
Balogh,C (2622)-Savchenko,S (2526)/Dubai 2010 (50)} 17. Kb1 $16) (8... e5 9.
Nf5 g6 10. Ne3 Be7 11. O-O-O b5 12. f3 Bb7 13. a3 Rc8 14. Be1 Nc5 15. Kb1 Ne6
16. h4 Nd4 17. Qd2 Qd7 18. Ne2 Ne6 19. g3 Qc7 {0-1 Kosintseva,N (2576)
-Bodnaruk,A (2407)/Moscow 2010 (65)} 20. Bh3 $14) 9. O-O-O b5 {Black could
have transposed to the line quoted above with 9...g5. It would serve a great
purpose of preventing the dangerous f2-f4 advance.} (9... Be7 10. f4 Qc7 11.
Bg3 Nc5 12. e5 dxe5 13. fxe5 Nh7 14. Ne4 Bd7 15. Nd6+ Bxd6 16. exd6 Qa5 17. Kb1
O-O 18. Be5 f6 19. Bg3 Ng5 20. Nb3 Nxb3 21. axb3 $16 {0-1 Tayar,J (2335)
-Molner,M (2447)/Los Angeles 2011 (59)}) (9... g5 10. Bg3 Qc7) 10. f4 Qc7 11.
f5 (11. Re1 $5 Bb7 12. Nd5 Qa5 13. Nb3 Qd8 14. Qf3 g5 15. Nxf6+ Qxf6 16. Na5
gxh4 17. Nxb7 Rb8 18. Rd1 $14) 11... Nc5 $6 {[%mdl 4] Both players are left to
their own fantasy, as there are no games played with this continuation. It
seems, that the most promising lines have remained behind the scenes.} (11...
b4 $1 12. fxe6 (12. Nb1 $6 e5 13. Nb3 Bb7 $17) 12... bxc3 13. exd7+ Bxd7 14.
Bxf6 cxb2+ 15. Kb1 gxf6 $15) 12. fxe6 (12. Bxf6 $5 gxf6 13. a3 Bb7 14. g3 $16)
12... fxe6 13. e5 $5 dxe5 14. Bg3 b4 $2 {Potkin has found a way to open up the
position when his pieces are much better mobilised. Black is not paying proper
attention to the dangers lurking in the sharp position.} (14... Bb7 15. Bxe5
Qf7 16. b4 Nce4 (16... Ncd7 17. Bxf6 Qxf6 18. Qxe6+ Qxe6 19. Nxe6 $16) 17. Nxe4
Nxe4 18. Nxb5 Bxb4 19. Nc7+ Qxc7 20. Qh5+ Qf7 21. Qxf7+ Kxf7 22. Rd7+ Be7 23.
Rxb7 Nc5 $11) 15. Bxe5 Qf7 (15... Qb7 16. Na4 Nxa4 17. Bxf6 gxf6 18. Nxe6 $16)
16. Nb1 {The retreat of the knight is not a bad choice, but it must be more
dangerous to simply grab the pawn on b4 with the help of the 16.Nc6! jump.} (
16. Nc6 $1 Bb7 17. Nxb4 Be7 18. Nd3 Nxd3+ 19. Rxd3 O-O $14) 16... Bb7 17. Nd2 (
17. Qe1 $5 Be7 18. Bc4 O-O 19. Rf1 Rad8 20. Qe2 $14) 17... Be7 18. Nc4 {
White does not appreciate the might of the bishop activation to the c4-square.}
(18. Qe1 O-O 19. Bc4 $14) 18... Nfe4 19. Nf3 (19. Na5 $2 Bd5 20. Nac6 O-O $17)
19... O-O 20. Qe3 Rad8 21. Rxd8 {Due to Potkin's soft approach Black has
managed to get an equal position with lively piece play.} (21. Be2 Qg6 22. Kb1
$11) 21... Rxd8 22. Be2 Qg6 (22... Nf6 23. Rd1 Rxd1+ 24. Kxd1 Qg6 (24... Ng4
25. Qd4 Nxe5 26. Ncxe5 $14) 25. Nh4 Qf7 $11) 23. Re1 (23. Bd4 $1 Bd5 24. Kb1
$14) 23... Bd5 (23... Nf6 24. Nh4 Qh7 25. Bxf6 Bxf6 26. Qxc5 Bxh4 27. g3 Bg5+
28. Kb1 Qf5 $11) 24. g3 (24. Bd4 Rf8 25. Nce5 Qe8 $11) 24... Rf8 25. Bf4 Qe8
26. Nfd2 $6 {The early middlegame must have cost both players lot of time. It
is quite difficult to decide what to do with the pieces and find a decent plan.
} (26. Rd1 Qa4 27. Kb1 Bf6 28. Nd4 $11) 26... Nxd2 27. Qxd2 (27. Nxd2 $2 Qa4
$19) 27... Ne4 (27... Qa4 28. Kb1 Rd8 29. b3 Qe8 30. Qd4 Ne4 31. Bd3 $11) 28.
Qd4 Qa4 (28... Bc5 29. Qe5 g5 30. Bf3 Rf5 31. Qc7 Rf7 32. Qe5 $11) 29. Kb1 (29.
Bg4 $5 Bf6 30. Bxe6+ Bxe6 31. Qxe4 Re8 32. a3 Bf7 33. Ne5 Qa5 34. Qxb4 Qxb4 35.
axb4 g5 36. Kd2 gxf4 37. gxf4 Be6 $15) 29... Rc8 30. Rd1 $2 {It seems nearly
certain that the players have been caught up in mutual time trouble in an
unsuitable moment. The highly charged contact of numerous pieces requires at
least a basic level of accuracy.} (30. b3 Qe8 31. Bd3 $11) 30... Bc5 $2 (30...
Nc3+ $1 31. bxc3 bxc3 32. Qe3 Bxc4 33. Bxc4 Rxc4 34. Qxe6+ Kh7 35. Qf5+ Kh8 $19
) (30... Bf6 31. Be5 Bxe5 32. Qxe5 Qb5 33. Bd3 Nf2 $19) 31. Qe5 Bd6 32. b3 $4 {
White blinks first with a horrible blunder, that finishes the game outright.
White would still be very much in play with the patient retreat of the queen.}
(32. Qd4 $1 Bf8 33. Be5 (33. Qe5 Qb5 $17) 33... Bc5 34. Qd3 Rf8 $15) 32... Bxe5
33. bxa4 Nc3+ 0-1